May 15th: Birthdays - Statistics

General Stats
  • This quiz has been taken 8 times
  • The average score is 2 of 8
Answer Stats
Year Clue Answer % Correct
1969 3-time NFL rushing leader Emmit Smith
57%
1975 Pro Football Hall of Fame linebacker Ray Lewis
43%
1987 Olympic gold 2012 in Tennis Andy Murray
29%
1926 Won Tony Award Anthony Shaffer
14%
1953 Baseball Hall of Fame 3rd baseman George Brett
14%
1926 Screenplay for Equus Peter Shaffer
14%
1981 Daughter of Princess Anne Zara Phillips
14%
1978 Actor as Billy Kulchak David Krumholtz
0%
No matching quizzes found
Score Distribution
Percent of People with Each Score
Percentile by Number Answered
Your Score History
You have not taken this quiz